Central Library OPAC University of Rajshahi

Long and short-term planning in underdeveloped countries / (Record no. 45549)

MARC details
000 -LEADER
fixed length control field 00779nam a2200241 a 4500
001 - CONTROL NUMBER
control field 45549
003 - CONTROL NUMBER IDENTIFIER
rucl marc code BD-RjUL
005 - DATE AND TIME OF LATEST TRANSACTION
control field 20211209054030.0
008 - FIXED-LENGTH DATA ELEMENTS--GENERAL INFORMATION
fixed length control field 270716m19721967ne a b 000 0 eng
035 ## - SYSTEM CONTROL NUMBER
System control number (BD-RjUL)45667
040 ## - CATALOGING SOURCE
Original cataloging agency LC
Language of cataloging eng
Transcribing agency LC
Modifying agency ABN-SNR
-- BD-RjUL
041 ## - LANGUAGE CODE
Language code of text/sound track or separate title eng
082 04 - DEWEY DECIMAL CLASSIFICATION NUMBER
Classification number 338.911724
Edition number 23
Author mark and year HAL 1972
100 1# - MAIN ENTRY--PERSONAL NAME
Personal name Hansen, Bent
Dates associated with a name 1920-
9 (RLIN) 139429
245 10 - TITLE STATEMENT
Title Long and short-term planning in underdeveloped countries /
Statement of responsibility, etc. Bent Hansen
250 ## - EDITION STATEMENT
Edition statement 1st ed.
260 ## - PUBLICATION, DISTRIBUTION, ETC. (IMPRINT)
Place of publication, distribution, etc. Amsterdam,
Name of publisher, distributor, etc. North-Holland Pub. Co.
Date of publication, distribution, etc. 1967,[2nd printing 1972]
300 ## - PHYSICAL DESCRIPTION
Pagination xii, 61 p. :
Illustrations ill ;
Size 19 cm.
650 #0 - SUBJECT ADDED ENTRY--TOPICAL TERM
Topical term or geographic name as entry element Finance
Geographic subdivision Developing countries.
9 (RLIN) 133984
Topical term or geographic name as entry element Economic policy.
9 (RLIN) 139431
942 ## - ADDED ENTRY ELEMENTS (KOHA)
Source of classification or shelving scheme Dewey Decimal Classification
Koha item type Books
Holdings
Lost status Source of classification or shelving scheme Damaged status Not for loan Collection code Permanent Location Current Location Shelving location Date acquired Source of acquisition Total Checkouts Full call number Date last seen Copy number Koha item type
  Dewey Decimal Classification     Non-fiction Central Library, University of Rajshahi Central Library, University of Rajshahi   04/04/1979 Netherland   338.911724 HAL 1972 27/07/2016 C-2 Books
  Dewey Decimal Classification     Non-fiction Central Library, University of Rajshahi Central Library, University of Rajshahi   04/04/1979 Netherland   338.911724 HAL 1972 27/07/2016 C-3 Books
  Dewey Decimal Classification     Non-fiction Central Library, University of Rajshahi Central Library, University of Rajshahi   04/04/1979 Netherland   338.911724 HAL 1972 27/07/2016 C-4 Books